000 01038nas a2200325 4500
001 BR0400676
003 BR-BrBNA
005 20231205104331.0
007 ta
008 230509b bl.|||p| |||| 00| 00por d
040 _aBR-BrBNA
_bpor
_cBiblioteca Nacional de Agricultura
041 _a(Pt)
072 _aL02; Q54
100 1 _aRocha, P.T.
100 1 _aStringhini, J.H.
100 1 _aAndrade, M.A.
100 1 _aLeandro, N.S.M.
100 1 _aAndrade, M.L.
100 1 _aCafé, M.B.
245 1 _aDesempenho de frangos de corte alimentados com rações pré-iniciais contendo diferentes níveis de proteína bruta e energia metabolizável
650 _aFRANGO DE CORTE
650 _aPERFORMANCE
650 _aPROGRAMA DE NUTRIÇÃO
650 _aPROTEÍNA BRUTA
650 _aRAÇÃO BALANCEADA
650 _aGANHO DE PESO
773 0 _tRevista Brasileira de Zootecnia (Brazil)
_xISSN 1516-3598
_g(Jan-Feb 2003), v. 32(1) p. 162-170
_wBR0400676
909 _a202311
_bLúcia
_c55
_dLúcia Elande
942 _2AGRIS
_n0
_cANA
999 _c177613
_d177613